000 01379nam a2200505 a 4500
001 1999593
003 OSt
005 20140428095541.0
008 930907s1991 nyua j 000 1 eng d
010 _a 90051009
020 _a0590981293
035 _a(OCoLC)23807690
040 _aCP
_cCP
_dOCoLC
_dNcGU
_dDLC
042 _alccopycat
050 0 4 _aPZ 7
_b.Sc41267Kn 1991
100 1 _aScieszka, Jon.
_923260
245 1 0 _aKnights of the kitchen table /
_cby Jon Scieszka ; illustrated by Lane Smith.
260 _aNew York, N.Y. :
_bScholastics
_c1991
300 _a55 p. :
_bill. ;
_c22 cm.
490 1 _aTime warp trio
521 _aG4
526 _c630
650 1 _aKnights and knighthood
_xFiction.
_926943
650 1 _aAdventure and adventurers
_xFiction.
_926944
700 1 _aSmith, Lane,
_eill.
_926945
800 1 _aScieszka, Jon.
_tTime warp trio.
_926946
906 _a7
_bcbc
_ccopycat
_d3
_eocip
_f19
_gy-gencatlg
942 _2lcc
_cBK
999 _c47373
_d47373